| 000 | 01522nam0a22003131 4500 | ||
|---|---|---|---|
| 001 | v19\rc\1560094 | ||
| 005 | 20060620140402.4 | ||
| 035 | _a(NLR Aleph) 004673118 | ||
| 090 |
_a3705211 _c3705211 |
||
| 100 | _a20060620d1891 |||y0rusy50 ca | ||
| 101 | 0 | _arus | |
| 102 | _aRU | ||
| 105 | _ay z ||||| | ||
| 200 | 1 |
_aСекция нервных и душевных болезней на IV Съезде Общества русских врачей в память Н.И. Пирогова в Москве _f[Б.С. Грейденберг] |
|
| 210 |
_aСанкт-Петербург _cтип. М.М. Стасюлевича _dценз. 1891 |
||
| 215 |
_a17 с. _d21 |
||
| 300 | _aАвт. указан в конце текста | ||
| 309 | _aБез тит. л. и обл. | ||
| 532 | 1 | 1 | _aСекция нервных и душевных болезней на четвертом Съезде Общества русских врачей в память Н.И. Пирогова в Москве |
| 700 | 1 |
_aГрейденберг _bБ. С. _f1857- _gБорис Самсонович |
|
| 712 | 0 | 2 |
_aОбщество русских врачей в память Н.И.Пирогова _bСъезд _d4 _f1890-1891 _eМосква _bСекция нервных и душевных болезней _3RU\NLR\AUTH\889949671 |
| 801 | 0 |
_aRU _bNLR _gpsbo |
|
| 801 | 0 |
_aRU _bRuMoRGB _2psbo |
|
| 801 | 1 |
_aRU _bProSoft-M _2rusmarc |
|
| 852 |
_aNLR _j18.293.4.28 |
||
| 899 |
_aRuMoRGB _jA 162/138 |
||
| 899 | _aБАН | ||
| 942 | _cBOOK | ||
| 980 | _aNB | ||